| 000 | 00591nam a22001937a 4500 | ||
|---|---|---|---|
| 003 | OSt | ||
| 005 | 20260205011224.0 | ||
| 008 | 260205b |||||||| |||| 00| 0 eng d | ||
| 020 | _a9781405010818 | ||
| 040 |
_aDWCL-Main Lib _cOC |
||
| 082 | _aCirc. 415 N858 2008 | ||
| 100 | _aNorris, Roy | ||
| 245 | _aStraight forward : advanced students book | ||
| 260 |
_aOxford : _b MacMillan Education, _cc2008. |
||
| 300 |
_a175 pages : _bcolor illustrations ; _c28 cm _e+ 1 CD-RM |
||
| 490 | _aEnglish MacMillan Series. | ||
| 650 | _aGrammar - English language. | ||
| 942 |
_2ddc _cBK-CIRC _mCirc. _n0 |
||
| 999 |
_c8286 _d8286 |
||